000 01197nam a2200277 a 4500
003 OSt
005 20230523084107.0
007 cr ||||||a|c|a
008 230516s2019 mx a|||fom||| 001 0 spa d
040 _erda
100 1 _9187050
_aColín Dimas, Daissy
245 1 3 _aEl trueque:
_bpráctica para la sabrevivencia en Dotejiare, comunidad Mazahua del Estado de México /
_cDaissy Colín Dimas; director de tesis Veneranda Xóchitl Juárez Varela
264 1 _aChapingo, México :
_bEl autor,
_c2019.
300 _a1 recurso en línea (109 páginas):
_bfiguras.
336 _2rdacontent
_atexto
_btxt
337 _2rdamedia
_acomputadora
_bc
338 _2rdacarrier
_arecurso en línea
_bcr
502 _bMCDRR
_cCentros Regionales
_d2019.
_gMAE
504 _aIncluye referencias bibliográficas: páginas 89-93.
650 4 _973308
_aMazahuas
_xCondiciones económicas
650 4 _9133352
_aMazahuas
_xSeguridad alimentaria
650 4 _979360
_aMujer en comunidades rurales
700 1 _962497
_aJuárez Varela, Veneranda Xóchitl
_eDirector de tesis.
856 _uhttp://10.13.5.2/tesis/tm/Colin_Dimas_Daissy.pdf
_zDESCARGAR PDF
942 _2Clasificación Universidad Autónoma Chapingo
_cTD
999 _c218761
_d218761